000 00542nam a2200217 a 4500
999 _c2811
_d2811
001 2811
003 BD-JhCC
005 20171106210226.0
008 171106s i |||| ||a| 000 0 ben d
035 _a(BD-JhCC) 2811
040 _aBD-JhCC
_dBD-JhCC
041 _aben
082 _a891.443
_bSON
100 _aশংকর
245 _aকাজ /
_cশংকর
260 _aকলকাতা ;
_bদেজ পাবলিশিং ,
300 _a222 p .:
_c22 cm .
650 _aBengali Novel
942 _2ddc
_cBK